| 000 | 00484 a2200169 4500 | ||
|---|---|---|---|
| 020 | _a1571690638 | ||
| 040 | _aDLC | ||
| 082 | 0 | 0 | _a005.133 |
| 100 | 1 | _aLafore, Robert | |
| 245 | 1 | 0 |
_aC++ interactive course _cRobert Lafore. |
| 260 |
_aNew Delhi : _bTechmedia, _c1996. |
||
| 300 |
_axlv, 875 p. : _bill. ; _c23 cm. |
||
| 500 | _aIncludes index. | ||
| 650 | 0 | _aC++ (Computer program language) | |
| 650 | 0 | _aObject-oriented programming (Computer science) | |
| 942 |
_cBK _k005.133 LAF _2ddc |
||
| 999 |
_c9607 _d9607 |
||